Let it snow : (Record no. 358333)
[ view plain ]
| 000 -LEADER | |
|---|---|
| fixed length control field | 00405nam a2200133Ia 4500 |
| 008 - FIXED-LENGTH DATA ELEMENTS--GENERAL INFORMATION | |
| fixed length control field | 180815s9999 xx 000 0 und d |
| 020 ## - INTERNATIONAL STANDARD BOOK NUMBER | |
| International Standard Book Number | 9780142412145 |
| 100 ## - MAIN ENTRY--PERSONAL NAME | |
| Personal name | Green, John. |
| 245 ## - TITLE STATEMENT | |
| Statement of responsibility, etc | John Green, Maureen Johnson, Lauren Myracle. |
| Title | Let it snow : |
| Remainder of title | three holiday romances / |
| 260 ## - PUBLICATION, DISTRIBUTION, ETC. (IMPRINT) | |
| Place of publication, distribution, etc | USA : |
| Name of publisher, distributor, etc | Speak |
| Date of publication, distribution, etc | 2008 |
| 300 ## - PHYSICAL DESCRIPTION | |
| Extent | 352 pages. |
| 650 ## - SUBJECT ADDED ENTRY--TOPICAL TERM | |
| Topical term or geographic name as entry element | Romance fiction |
| 650 ## - SUBJECT ADDED ENTRY--TOPICAL TERM | |
| Topical term or geographic name as entry element | Short stories, American |
| Withdrawn status | Lost status | Damaged status | Home library | Current library | Shelving location | Date acquired | Source of acquisition | Total Checkouts | Total Renewals | Full call number | Barcode | Date last seen | Date checked out | Price effective from | Koha item type | Public note |
|---|---|---|---|---|---|---|---|---|---|---|---|---|---|---|---|---|
| College Library | College Library | Fiction Section | 08/15/2018 | 3 | 2 | PZ 5 .G795 2008 | C21590 | 12/09/2019 | 12/05/2019 | 08/15/2018 | Books | Book replacement for the book entitled " The ape who guards the balance " - 000031 - see reference - Inventory 17-18 |